000 00996nam a22003011 4500
001 36407
003 BD-RjUL
005 20211209052501.0
008 140622s1961 ctu b 001 0 eng
035 _a(BD-RjUL)36504
035 _a(OCoLC)362366
040 _aDLC
_cODaWU
_dOCoLC
_dUk
_dBD-RjUL
_beng
041 _aeng
082 _a820.81
_bWAH 1961
100 1 _aWagar, W. Warren.
_9110790
245 1 0 _aH. G. Wells and the world state /
_cW Warren Wagar
260 _aNew Haven :
_bYale University Press,
_cc1961.
300 _ax, 301 p. ;
_c23 cm.
490 1 _aYale historical publications. Miscellany
_v75
500 _a"A check list of the principal works of H. G. Wells": p. [277]-285.
502 _aThesis--Yale University.
504 _aIncludes Bibliography and index.
600 1 0 _aWells, H. G.
_q(Herbert George),
_d1866-1946.
_9110795
830 1 _aYale historical publications. Miscellany, 75
_9110796
942 _2ddc
_cBK
999 _c36407
_d36407